|
|
|
|
| LEADER |
00000nab a2200000 ar4500 |
| 001 |
vtls009303813 |
| 003 |
SK-MaSNL |
| 005 |
20260304152232.0 |
| 008 |
250506c2008 xo |||||||||||000 b|slo |
| 015 |
|
|
|a SNBRB2008/06
|2 snkbucl
|
| 035 |
|
|
|a (uuid)f330b2b0-9138-4c6b-8a4d-c3d35c27dc23
|
| 035 |
|
|
|a urn:nbn:sk:snk-ab1w41
|
| 035 |
|
|
|a (urnnbn)urn:nbn:sk:snk:ar-a013zl
|
| 038 |
|
|
|a SNKBUCL
|
| 040 |
|
|
|a SNKBUCL
|b slo
|c SNKBUCL
|e AACR2
|
| 041 |
0 |
|
|a slo
|
| 044 |
|
|
|a xo
|c SK
|
| 080 |
|
|
|a 639.1:061.43
|2 2001
|
| 080 |
|
|
|a 630:061.43
|2 2001
|
| 100 |
1 |
|
|a Ivanovčan, Ľuboš
|4 aut
|9 26336
|
| 245 |
1 |
0 |
|a Silva Regina 2008
|c pripravil: Ľuboš Ivanovčan
|
| 300 |
|
|
|b Fotogr.
|
| 611 |
2 |
7 |
|a Silva Regina
|d (2008 :
|c Brno, Česko)
|2 snkbucl
|9 1474380
|
| 650 |
0 |
7 |
|a poľovníctvo
|2 snkbucl
|9 2774
|
| 650 |
0 |
7 |
|a lesníctvo
|2 snkbucl
|9 1255
|
| 773 |
0 |
|
|t Zbrane, strelci a lovci
|g Roč. IX, č. 6 (2008), s. 55-56
|x 1335-5740
|
| 850 |
|
|
|a Slovenská národná knižnica
|
| 852 |
|
|
|a Slovenská národná knižnica
|
| 954 |
|
|
|a odborná, vedecká literatúra pôvodná (slovenská)
|2 lita
|
| 958 |
|
|
|a article27
|
| 958 |
|
|
|a OND
|
| 958 |
|
|
|a EUIPO
|
| 999 |
|
|
|c 2947921
|d 2949851
|